| 000 | 02266nam a2200265Ia 4500 | ||
|---|---|---|---|
| 003 | Ost | ||
| 005 | 20260507075219.0 | ||
| 008 | 260507s9999||||xx |||||||||||||| ||und|| | ||
| 020 | _a5077109961 | ||
| 040 | _cfsecg | ||
| 041 | _aara | ||
| 082 | _a330 | ||
| 100 |
_aغريف، كزافيي _eمؤلف |
||
| 245 | 0 |
_aالبيروقراطية في التحليل الاقتصادي : _bحول اقتصاد عمومي جديد و تصرف أمثل / _c كزافيي غريف |
|
| 260 |
_aالجزائر: _bجاري للنشر والتوزيع, _c2005 |
||
| 300 |
_a234 صفحة؛ _bإيضاحات ؛ _c24 سم |
||
| 504 | _aمراجع ص.217 ، (النشرة العربية تمت في الجزائر | ||
| 520 | _a1) أسس التحليل الاقتصادي في البيروقراطية : نظرية الرشادة المحدودة و ما يتبعها ، انحرافات التسيير ، نظرية لا ــ فعاليتي × ، نظرية حقوق الملكية و نحو نظرية فشل اللاسوقي 2) التصرف البيروقراطي : البيروقراطي محتكر عمومي ، البيروقراطي عون السوق السياسي 3) الأثار الثانوية لعدم فعالية البيروقراطية : عدم تطبيق التركيبات الانتاجية ، ظهور زبونة بيروقراطية ، النمو الذاتي للبيروقراطية ، الاقتصاد البيروقراطي اقتصاد ريع 4) آفاق اصلاح البيروقراطية : تقوية السلطة السياسية ، المنافسة البيروقراطية و المنافسة بالاسعار 5) محاولات التحقيق في تحليل البيروقراطية : هل تبرر حركة المكلفين بالضريبة جدارة التحليل الاقتصادي للبيروقراطية ، هل في تدني التسيير العمومي شيئ بديهي و هل يقدر نمو النفقات العمومية جدارة تحليل البيروقراكية. | ||
| 653 | _aالاقتصاد | ||
| 653 | _aالبيروقراطية | ||
| 653 | _aالتحليل الإقتصادي | ||
| 653 | _aالقطاع العام | ||
| 700 |
_aجاري، محمد الصغير _eمؤلف ثانوي |
||
| 942 | _cكتاب | ||
| 999 |
_c43515 _d43515 |
||